Community development (Record no. 28901)

000 -LEADER
fixed length control field 00621nam a22002051a 4500
001 - CONTROL NUMBER
control field 28901
003 - CONTROL NUMBER IDENTIFIER
control field BD-DhUET
008 - FIXED-LENGTH DATA ELEMENTS--GENERAL INFORMATION
fixed length control field 810119s1963 ii 000 0 eng
040 ## - CATALOGING SOURCE
Original cataloging agency DLC
Transcribing agency NNHuC
Modifying agency BD-DhUET
082 ## - DEWEY DECIMAL CLASSIFICATION NUMBER
Classification number 309.2
Item number RAM/1963
100 ## - MAIN ENTRY--PERSONAL NAME
Personal name Lal, Ramavatar
245 10 - TITLE STATEMENT
Title Community development
Remainder of title principles, practice and problems (with special reference to the State of Bihar)
250 ## - EDITION STATEMENT
Edition statement 1st ed.
260 ## - PUBLICATION, DISTRIBUTION, ETC. (IMPRINT)
Place of publication, distribution, etc. Calcutta
Name of publisher, distributor, etc. Bookland Private
Date of publication, distribution, etc. 1963
300 ## - PHYSICAL DESCRIPTION
Extent xx, 439 p.
Other physical details ill.
Dimensions 22 cm.
504 ## - BIBLIOGRAPHY, ETC. NOTE
Bibliography, etc Includes bibliographies
650 #0 - SUBJECT ADDED ENTRY--TOPICAL TERM
Topical term or geographic name as entry element Community development
650 #0 - SUBJECT ADDED ENTRY--TOPICAL TERM
Topical term or geographic name as entry element Community development
942 ## - ADDED ENTRY ELEMENTS (KOHA)
Koha item type General Book
Holdings
Piece designation (barcode) Price effective from Withdrawn status Damaged status Sublocation or collection (holding branch) Koha normalized classification for sorting Koha item type Date acquired Shelving location Koha date last seen Lost status Koha full call number Location (home branch) Source of classification or shelving scheme Not for loan Copy number
373262015-06-14  Central Library, BUET309_200000000000000_RAM_1963Reading Item2015-06-14Reading section2015-06-14 309.2/RAM/1963Central Library, BUET  1